FOOD AND NUTRITION (Record no. 1997)
[ view plain ]
| 000 -LEADER | |
|---|---|
| fixed length control field | 00339nam a2200145Ia 4500 |
| 008 - FIXED-LENGTH DATA ELEMENTS--GENERAL INFORMATION | |
| fixed length control field | 150201s2012 xx 000 0 und d |
| 082 ## - DEWEY DECIMAL CLASSIFICATION NUMBER | |
| Classification number | 612.3 |
| Item number | F12B |
| 100 ## - MAIN ENTRY--PERSONAL NAME | |
| Personal name | BANSAL , SHRINANDAN |
| 245 ## - TITLE STATEMENT | |
| Title | FOOD AND NUTRITION |
| 250 ## - EDITION STATEMENT | |
| Edition statement | 2ND |
| 260 ## - PUBLICATION, DISTRIBUTION, ETC. (IMPRINT) | |
| Name of publisher, distributor, etc. | AITBS |
| Place of publication, distribution, etc. | DELHI |
| Date of publication, distribution, etc. | 2012 |
| 300 ## - PHYSICAL DESCRIPTION | |
| Extent | 382 |
| 650 ## - SUBJECT ADDED ENTRY--TOPICAL TERM | |
| Topical term or geographic name as entry element | NUTRITON & DIET |
| 942 ## - ADDED ENTRY ELEMENTS (KOHA) | |
| Source of classification or shelving scheme | Dewey Decimal Classification |
| Koha item type | Books |
| Koha issues (borrowed), all copies | 3 |
| Withdrawn status | Lost status | Source of classification or shelving scheme | Damaged status | Not for loan | Collection code | Home library | Current library | Shelving location | Date acquired | Source of acquisition | Cost, normal purchase price | SGTU | Bill Number | Total Checkouts | Full call number | Barcode | Date last seen | Date last checked out | Bill Date | Koha item type |
|---|---|---|---|---|---|---|---|---|---|---|---|---|---|---|---|---|---|---|---|---|
| Dewey Decimal Classification | NURSING | SGT Medical Library | SGT Medical Library | Text Book | 19/04/2012 | UBS DELHI | 165.00 | SGTU | 46 | 3 | 612.3 F12B | FN548 | 06/11/2024 | 06/11/2024 | 19/04/2012 | Books | ||||
| Dewey Decimal Classification | NURSING | SGT Medical Library | SGT Medical Library | Text Book | 19/04/2012 | UBS DELHI | 165.00 | SGTU | 46 | 1 | 612.3 F12B | FN549 | 13/06/2024 | 12/06/2024 | 19/04/2012 | Books | ||||
| Dewey Decimal Classification | NURSING | SGT Medical Library | SGT Medical Library | Text Book | 19/04/2012 | UBS DELHI | 165.00 | SGTU | 46 | 1 | 612.3 F12B | FN550 | 17/12/2016 | 28/11/2016 | 19/04/2012 | Books |